000 00332nam a22001457a 4500
008 221006b ||||| |||| 00| 0 eng d
020 _a9780134638225
041 _aeng
080 _2fourth edition
_a572
082 _a572
100 _a44.1
101 _aANTR
245 _aCULTURAL ANTHROPOLOGY
_cBONVILLAIN N
942 _2udc
_cBK
999 _c58374
_d58374